The BFG / (Record no. 344114)
[ view plain ]
| 000 -LEADER | |
|---|---|
| fixed length control field | 00436nam a2200181Ia 4500 |
| 008 - FIXED-LENGTH DATA ELEMENTS--GENERAL INFORMATION | |
| fixed length control field | 170918s9999 xx 000 0 und d |
| 020 ## - INTERNATIONAL STANDARD BOOK NUMBER | |
| International Standard Book Number | 590060198 |
| 050 ## - LIBRARY OF CONGRESS CALL NUMBER | |
| Item number | D131 1982 |
| 100 ## - MAIN ENTRY--PERSONAL NAME | |
| Personal name | Dahl, Roald |
| 245 #4 - TITLE STATEMENT | |
| Title | The BFG / |
| 245 ## - TITLE STATEMENT | |
| Statement of responsibility, etc | by Roald Dahl ; illustrated by Quentin Blake. |
| 260 ## - PUBLICATION, DISTRIBUTION, ETC. (IMPRINT) | |
| Place of publication, distribution, etc | New York : |
| 260 ## - PUBLICATION, DISTRIBUTION, ETC. (IMPRINT) | |
| Name of publisher, distributor, etc | Scholastic, |
| 260 ## - PUBLICATION, DISTRIBUTION, ETC. (IMPRINT) | |
| Date of publication, distribution, etc | 1982 |
| 300 ## - PHYSICAL DESCRIPTION | |
| Extent | 207 pages : |
| 300 ## - PHYSICAL DESCRIPTION | |
| Other physical details | illustrations : |
| 300 ## - PHYSICAL DESCRIPTION | |
| Dimensions | 17cm. |
| Withdrawn status | Lost status | Damaged status | Home library | Current library | Date acquired | Total Checkouts | Full call number | Barcode | Date last seen | Price effective from | Koha item type |
|---|---|---|---|---|---|---|---|---|---|---|---|
| Stonyhurst Southville International School (Malarayat) | Stonyhurst Southville International School (Malarayat) | 09/18/2017 | GS FIC D131 1982 | SSISM3186 | 09/18/2017 | 09/18/2017 | Books |